Ионно-электронно-плазменная модификация системы "покрытие (TiZrCu)\подложка (Al-(22-24)%Si)"; Современные технологии и материалы новых поколений

Dettagli Bibliografici
Parent link:Современные технологии и материалы новых поколений.— 2017.— [С. 234-236]
Enti autori: Российская академия наук (РАН) Сибирское отделение (СО) Институт физики прочности и материаловедения (ИФПМ), Национальный исследовательский Томский политехнический университет (ТПУ) Физико-технический институт (ФТИ) Кафедра экспериментальной физики (ЭФ)
Altri autori: Рыгина М. Е., Иванов Ю. Ф. Юрий Федорович, Петрикова Е. А., Тересов А. Д., Шуругов В. В.
Riassunto:Заглавие с экрана
Lingua:russo
Pubblicazione: 2017
Serie:Функциональные материалы и покрытия
Soggetti:
Accesso online:http://earchive.tpu.ru/handle/11683/43703
Natura: MixedMaterials Elettronico Capitolo di libro
KOHA link:https://koha.lib.tpu.ru/cgi-bin/koha/opac-detail.pl?biblionumber=624122

MARC

LEADER 00000naa2a2200000 4500
001 624122
005 20231101133310.0
035 |a (RuTPU)RU\TPU\conf\23335 
035 |a RU\TPU\conf\23332 
090 |a 624122 
100 |a 20171101d2017 k y0rusy50 ca 
101 0 |a rus  |e rus 
102 |a RU 
105 |a y z 101zy 
135 |a drgn ---uucaa 
181 0 |a i  
182 0 |a b 
200 1 |a Ионно-электронно-плазменная модификация системы "покрытие (TiZrCu)\подложка (Al-(22-24)%Si)"  |f М. Е. Рыгина [и др.] 
203 |a Текст  |c электронный 
225 1 |a Функциональные материалы и покрытия 
230 |a 1 компьютерный файл (pdf; 226 Кб) 
300 |a Заглавие с экрана 
320 |a [Библиогр.: с. 236 (3 назв.)] 
463 0 |0 (RuTPU)RU\TPU\conf\23187  |t Современные технологии и материалы новых поколений  |o сборник трудов Международной конференции с элементами научной школы для молодежи, г. Томск, 9-13 октября 2017 г.  |f Национальный исследовательский Томский политехнический университет (ТПУ) ; Российская академия наук (РАН), Сибирское отделение (СО), Институт физики прочности и материаловедения (ИФПМ)  |v [С. 234-236]  |d 2017 
610 1 |a электронный ресурс 
610 1 |a покрытия 
610 1 |a подложки 
610 1 |a силумины 
610 1 |a сплавы алюминия 
610 1 |a кремний 
610 1 |a ионно-плазменные методы 
610 1 |a электронные пучки 
610 1 |a сплавы 
610 1 |a электронно-лучевая обработка 
610 1 |a рентгеноструктурный анализ 
610 1 |a металлические пленки 
701 1 |a Рыгина  |b М. Е. 
701 1 |a Иванов  |b Ю. Ф.  |c физик  |c профессор Томского политехнического университета, доктор физико-математических наук  |f 1955-  |g Юрий Федорович  |2 stltpush  |3 (RuTPU)RU\TPU\pers\28208 
701 1 |a Петрикова  |b Е. А. 
701 1 |a Тересов  |b А. Д. 
701 1 |a Шуругов  |b В. В. 
712 0 2 |a Российская академия наук (РАН)  |b Сибирское отделение (СО)  |b Институт физики прочности и материаловедения (ИФПМ)  |c (Томск)  |2 stltpush  |3 (RuTPU)RU\TPU\col\265 
712 0 2 |a Национальный исследовательский Томский политехнический университет (ТПУ)  |b Физико-технический институт (ФТИ)  |b Кафедра экспериментальной физики (ЭФ)  |h 7596  |2 stltpush  |3 (RuTPU)RU\TPU\col\21255 
801 2 |a RU  |b 63413507  |c 20171103  |g RCR 
856 4 |u http://earchive.tpu.ru/handle/11683/43703 
942 |c BK